logo

Bir Sreshtho Munshi Abdur Rouf Library
Jhenaidah Cadet College

Fundamentals Of Public Administration / (Record no. 12273)

MARC details
000 -LEADER
fixed length control field 00737nam a2200253 a 4500
001 - CONTROL NUMBER
JCCL Control Number 12273
003 - CONTROL NUMBER IDENTIFIER
JCCL marc code BD-JhCC
005 - DATE AND TIME OF LATEST TRANSACTION
control field 20210921083144.0
008 - FIXED-LENGTH DATA ELEMENTS--GENERAL INFORMATION
fixed length control field 210921b2014 bg |||| ||a| 000 0 eng d
020 ## - INTERNATIONAL STANDARD BOOK NUMBER
International Standard Book Number 9789848471203
035 ## - SYSTEM CONTROL NUMBER
system control number (BD-JhCC)12273
040 ## - CATALOGING SOURCE
Original cataloging agency BD-JhCC
Modifying agency BD-JhCC
041 ## - LANGUAGE CODE
Language code of Book english
082 ## - DEWEY DECIMAL CLASSIFICATION NUMBER
Classification number 350.1
Author mark and Year MIL 2014
100 ## - MAIN ENTRY--PERSONAL NAME
Personal name Mili,Begum Rokshana
245 ## - TITLE STATEMENT
Title Fundamentals Of Public Administration /
Statement of responsibility, etc Begum Rokshana Mili, Amir Mohammad Nasrullah
260 ## - PUBLICATION, DISTRIBUTION, ETC. (IMPRINT)
Place of publication, distribution, etc Dhaka:
Name of publisher, distributor, etc Bangladesh Institute of islamic thoght(BIIT);
Date of publication, distribution, etc 2014.
300 ## - PHYSICAL DESCRIPTION
Pagination 326 p. :
Dimensions 24 cm.
490 ## - SERIES STATEMENT
Series statement Social Science Series-01
650 ## - SUBJECT ADDED ENTRY--TOPICAL TERM
Topical term or geographic name as entry element Public Administration
700 ## - ADDED ENTRY--PERSONAL NAME
Personal name Nasrullah, Amir Mohammad
942 ## - ADDED ENTRY ELEMENTS (KOHA)
Source of classification or shelving scheme Dewey Decimal Classification
Koha item type Books
Holdings
Source of classification or shelving scheme Damaged status Not for loan Home library Current library Shelving location Cost, normal purchase price Total Checkouts Full call number Barcode Date last seen Copy number Koha item type
Dewey Decimal Classification     JCC Rouf Library JCC Rouf Library General Stacks 150.00   350.1 MIL 2014 16970 09/21/2021 C-1 Books

JCC Library | Contacts | JCC Home

Last Update on 23 September 2017
Copyright @ 2017-2020 JCC Rouf Library
Rouf Library, Jhenidah Cadet College (JCC), Bangladesh